[Event "Elite Hotels Open 2025"]
[Site "Elite Stadshotellet, Växjö, Sweden"]
[Date "2025.02.07"]
[Round "1.1"]
[White "Fahlman, Jakob"]
[Black "Gdanski, Jacek"]
[Result "0-1"]
[TimeControl "R1-4: 15 min + 5 sek, R5-8: 90 min + 30 sek"]
[BlackTitle "GM"]
[WhiteElo "1887"]
[BlackElo "2483"]

1. Nf3 {[%clk 00:15:07]} {[%emt 00:00:03]} c5 {[%clk 00:15:08]} {[%emt
00:00:02]} 2. e4 {[%clk 00:15:11]} {[%emt 00:00:02]} g6 {[%clk 00:15:12]}
{[%emt 00:00:01]} 3. d4 {[%clk 00:15:15]} {[%emt 00:00:01]} Bg7 {[%clk
00:15:14]} {[%emt 00:00:02]} 4. Nc3 {[%clk 00:15:11]} {[%emt 00:00:09]} cxd4
{[%clk 00:15:17]} {[%emt 00:00:02]} 5. Nxd4 {[%clk 00:15:14]} {[%emt 00:00:02]}
Nc6 {[%clk 00:15:21]} {[%emt 00:00:02]} 6. Be3 {[%clk 00:15:10]} {[%emt
00:00:08]} Nf6 {[%clk 00:15:18]} {[%emt 00:00:09]} 7. f3 {[%clk 00:14:03]}
{[%emt 00:01:12]} O-O {[%clk 00:15:17]} {[%emt 00:00:06]} 8. Qd2 {[%clk
00:14:06]} {[%emt 00:00:02]} d5 {[%clk 00:15:13]} {[%emt 00:00:09]} 9. Nxc6
{[%clk 00:13:16]} {[%emt 00:00:55]} bxc6 {[%clk 00:15:16]} {[%emt 00:00:02]} 10.
O-O-O {[%clk 00:12:28]} {[%emt 00:00:52]} Be6 {[%clk 00:14:11]} {[%emt
00:01:11]} 11. Bc5 {[%clk 00:09:52]} {[%emt 00:02:40]} Rb8 {[%clk 00:11:15]}
{[%emt 00:03:01]} 12. Ba3 {[%clk 00:07:56]} {[%emt 00:02:01]} Qc7 {[%clk
00:10:04]} {[%emt 00:01:16]} 13. e5 {[%clk 00:06:47]} {[%emt 00:01:14]} Qxe5
{[%clk 00:09:14]} {[%emt 00:00:55]} 14. Bxe7 {[%clk 00:06:37]} {[%emt
00:00:16]} Rfe8 {[%clk 00:08:34]} {[%emt 00:00:45]} 15. Bc5 {[%clk 00:06:38]}
{[%emt 00:00:03]} Qc7 {[%clk 00:07:35]} {[%emt 00:01:04]} 16. Bd4 {[%clk
00:06:06]} {[%emt 00:00:38]} c5 {[%clk 00:07:26]} {[%emt 00:00:14]} 17. Nb5
{[%clk 00:04:58]} {[%emt 00:01:12]} Qc6 {[%clk 00:06:41]} {[%emt 00:00:50]} 18.
Be5 {[%clk 00:03:28]} {[%emt 00:01:36]} Rxb5 {[%clk 00:06:20]} {[%emt
00:00:26]} 19. Bxb5 Qxb5 {[%clk 00:06:24]} 20. Rhe1 {[%clk 00:03:02]} {[%emt
00:00:32]} Ne4 {[%clk 00:05:31]} {[%emt 00:01:00]} 21. Qd3 {[%clk 00:01:28]}
{[%emt 00:01:38]} Qxd3 {[%clk 00:04:34]} {[%emt 00:01:03]} 22. Rxd3 {[%clk
00:01:25]} {[%emt 00:00:06]} Bxe5 {[%clk 00:04:17]} {[%emt 00:00:22]} 23. fxe4
{[%clk 00:01:29]} d4 {[%clk 00:03:53]} {[%emt 00:00:30]} 24. Ra3 {[%clk
00:01:22]} {[%emt 00:00:12]} Re7 {[%clk 00:03:41]} {[%emt 00:00:17]} 25. Ra5
{[%clk 00:01:22]} {[%emt 00:00:05]} Bf4+ {[%clk 00:03:38]} {[%emt 00:00:07]} 26.
Kb1 {[%clk 00:01:26]} {[%emt 00:00:02]} Bd2 {[%clk 00:03:42]} 0-1

[Event "Elite Hotels Open 2025"]
[Site "Elite Stadshotellet, Växjö, Sweden"]
[Date "2025.02.07"]
[Round "1.2"]
[White "Kucuksari, Kaan"]
[Black "Karavidas, Georg"]
[Result "1-0"]
[TimeControl "R1-4: 15 min + 5 sek, R5-8: 90 min + 30 sek"]
[WhiteTitle "IM"]
[WhiteElo "2463"]
[BlackElo "1886"]

1. d4 {[%clk 00:15:08]} Nf6 {[%clk 00:15:02]} {[%emt 00:00:09]} 2. Bf4 {[%clk
00:15:10]} {[%emt 00:00:03]} g6 {[%clk 00:14:52]} {[%emt 00:00:15]} 3. Nf3
{[%clk 00:15:12]} {[%emt 00:00:02]} Bg7 {[%clk 00:14:55]} {[%emt 00:00:03]} 4.
c3 {[%clk 00:15:12]} {[%emt 00:00:05]} O-O {[%clk 00:14:56]} {[%emt 00:00:05]}
5. Nbd2 {[%clk 00:15:14]} {[%emt 00:00:02]} d6 {[%clk 00:14:03]} {[%emt
00:00:58]} 6. h3 {[%clk 00:15:14]} {[%emt 00:00:05]} Nbd7 {[%clk 00:12:36]}
{[%emt 00:01:32]} 7. e4 {[%clk 00:14:53]} {[%emt 00:00:26]} Re8 {[%clk
00:11:10]} {[%emt 00:01:31]} 8. Be2 {[%clk 00:14:37]} {[%emt 00:00:21]} e5
{[%clk 00:10:21]} {[%emt 00:00:55]} 9. dxe5 {[%clk 00:14:39]} {[%emt 00:00:02]}
Nxe5 {[%clk 00:10:12]} {[%emt 00:00:14]} 10. Nxe5 {[%clk 00:14:41]} {[%emt
00:00:03]} dxe5 {[%clk 00:10:11]} {[%emt 00:00:07]} 11. Be3 {[%clk 00:14:43]}
{[%emt 00:00:02]} b6 {[%clk 00:09:14]} {[%emt 00:01:02]} 12. O-O {[%clk
00:14:41]} {[%emt 00:00:07]} Qe7 {[%clk 00:08:55]} {[%emt 00:00:25]} 13. b4
{[%clk 00:12:30]} {[%emt 00:02:15]} Bb7 {[%clk 00:08:49]} {[%emt 00:00:11]} 14.
Qc2 {[%clk 00:12:31]} {[%emt 00:00:05]} Nd7 {[%clk 00:07:12]} {[%emt 00:01:41]}
15. a4 {[%clk 00:12:16]} {[%emt 00:00:20]} Red8 {[%clk 00:06:35]} {[%emt
00:00:42]} 16. a5 {[%clk 00:12:16]} {[%emt 00:00:06]} c5 {[%clk 00:06:10]}
{[%emt 00:00:29]} 17. a6 {[%clk 00:12:00]} {[%emt 00:00:21]} Bc8 {[%clk
00:05:56]} {[%emt 00:00:19]} 18. Rfd1 {[%clk 00:11:27]} {[%emt 00:00:38]} cxb4
{[%clk 00:05:32]} {[%emt 00:00:30]} 19. cxb4 {[%clk 00:11:30]} {[%emt
00:00:02]} Nf8 {[%clk 00:05:07]} {[%emt 00:00:30]} 20. Nc4 {[%clk 00:08:16]}
{[%emt 00:03:17]} Be6 {[%clk 00:04:45]} {[%emt 00:00:28]} 21. Rxd8 {[%clk
00:06:45]} {[%emt 00:01:36]} Rxd8 {[%clk 00:04:45]} {[%emt 00:00:04]} 22. Nxb6
{[%clk 00:06:48]} {[%emt 00:00:03]} axb6 {[%clk 00:03:21]} {[%emt 00:01:29]} 23.
Bxb6 {[%clk 00:06:49]} {[%emt 00:00:04]} Rc8 {[%clk 00:03:13]} {[%emt
00:00:13]} 24. Qa4 {[%clk 00:06:48]} {[%emt 00:00:06]} Nd7 {[%clk 00:02:55]}
{[%emt 00:00:23]} 25. Be3 {[%clk 00:06:51]} {[%emt 00:00:02]} Nf8 {[%clk
00:01:04]} {[%emt 00:01:57]} 26. a7 {[%clk 00:06:25]} {[%emt 00:00:31]} Ra8
{[%clk 00:00:56]} {[%emt 00:00:13]} 27. Qc6 {[%clk 00:06:28]} {[%emt 00:00:02]}
Qd8 {[%clk 00:00:32]} {[%emt 00:00:29]} 28. b5 {[%clk 00:06:31]} {[%emt
00:00:02]} Bd7 {[%clk 00:00:27]} {[%emt 00:00:10]} 29. Qd5 {[%clk 00:06:34]}
{[%emt 00:00:02]} Ne6 {[%clk 00:00:24]} {[%emt 00:00:08]} 30. b6 {[%clk
00:06:37]} {[%emt 00:00:02]} Bc6 {[%clk 00:00:20]} {[%emt 00:00:10]} 31. Qxc6
{[%clk 00:06:38]} {[%emt 00:00:04]} 1-0

[Event "Elite Hotels Open 2025"]
[Site "Elite Stadshotellet, Växjö, Sweden"]
[Date "2025.02.07"]
[Round "1.3"]
[White "Olsson, Thomas"]
[Black "Trost, Edvin"]
[Result "0-1"]
[TimeControl "R1-4: 15 min + 5 sek, R5-8: 90 min + 30 sek"]
[BlackTitle "IM"]
[WhiteElo "1882"]
[BlackElo "2462"]

1. e4 {[%clk 00:15:02]} {[%emt 00:00:07]} c5 {[%clk 00:15:07]} {[%emt
00:00:03]} 2. Nf3 {[%clk 00:14:57]} {[%emt 00:00:11]} Nc6 {[%clk 00:15:10]}
{[%emt 00:00:03]} 3. d4 {[%clk 00:14:52]} {[%emt 00:00:09]} cxd4 {[%clk
00:15:13]} {[%emt 00:00:02]} 4. Nxd4 {[%clk 00:14:54]} {[%emt 00:00:04]} e5
{[%clk 00:15:15]} {[%emt 00:00:03]} 5. Nb5 {[%clk 00:14:31]} {[%emt 00:00:28]}
d6 {[%clk 00:15:18]} {[%emt 00:00:02]} 6. c4 {[%clk 00:14:23]} {[%emt
00:00:13]} g6 {[%clk 00:15:21]} {[%emt 00:00:02]} 7. N1c3 {[%clk 00:14:22]}
{[%emt 00:00:06]} a6 {[%clk 00:15:22]} {[%emt 00:00:04]} 8. Na3 {[%clk
00:14:23]} {[%emt 00:00:04]} Bg7 {[%clk 00:15:22]} {[%emt 00:00:04]} 9. Nc2
{[%clk 00:14:22]} {[%emt 00:00:06]} Nf6 {[%clk 00:15:22]} {[%emt 00:00:05]} 10.
Be2 {[%clk 00:14:05]} {[%emt 00:00:22]} Be6 {[%clk 00:15:24]} {[%emt 00:00:03]}
11. O-O {[%clk 00:13:44]} {[%emt 00:00:26]} Rc8 {[%clk 00:15:25]} {[%emt
00:00:04]} 12. Ne3 {[%clk 00:10:44]} {[%emt 00:03:05]} Nd4 {[%clk 00:15:14]}
{[%emt 00:00:16]} 13. Bd3 {[%clk 00:10:43]} {[%emt 00:00:06]} O-O {[%clk
00:15:13]} {[%emt 00:00:07]} 14. Bd2 {[%clk 00:09:28]} {[%emt 00:01:19]} Nd7
{[%clk 00:15:06]} {[%emt 00:00:12]} 15. Ncd5 {[%clk 00:09:13]} {[%emt
00:00:20]} Nc5 {[%clk 00:15:07]} {[%emt 00:00:04]} 16. Bb1 {[%clk 00:08:56]}
{[%emt 00:00:22]} b5 {[%clk 00:14:46]} {[%emt 00:00:26]} 17. cxb5 {[%clk
00:08:33]} {[%emt 00:00:28]} axb5 {[%clk 00:14:49]} {[%emt 00:00:03]} 18. Bc3
{[%clk 00:07:53]} {[%emt 00:00:44]} Na4 {[%clk 00:14:29]} {[%emt 00:00:25]} 19.
Qd2 {[%clk 00:07:26]} {[%emt 00:00:32]} Kh8 {[%clk 00:14:18]} {[%emt 00:00:16]}
20. f4 {[%clk 00:07:06]} {[%emt 00:00:25]} Nxc3 {[%clk 00:13:59]} {[%emt
00:00:26]} 21. bxc3 {[%clk 00:07:07]} {[%emt 00:00:02]} exf4 {[%clk 00:14:02]}
{[%emt 00:00:03]} 22. Nxf4 {[%clk 00:06:44]} {[%emt 00:00:27]} Rxc3 {[%clk
00:13:58]} {[%emt 00:00:10]} 23. Nfd5 {[%clk 00:05:11]} {[%emt 00:01:37]} Ra3
{[%clk 00:12:50]} {[%emt 00:01:13]} 24. Qc1 {[%clk 00:02:19]} {[%emt 00:02:57]}
Ne2+ {[%clk 00:12:51]} {[%emt 00:00:04]} 0-1

[Event "Elite Hotels Open 2025"]
[Site "Elite Stadshotellet, Växjö, Sweden"]
[Date "2025.02.07"]
[Round "1.4"]
[White "Sorensen, Hampus"]
[Black "Yang, Mandi"]
[Result "1-0"]
[TimeControl "R1-4: 15 min + 5 sek, R5-8: 90 min + 30 sek"]
[WhiteTitle "IM"]
[WhiteElo "2430"]
[BlackElo "1882"]

1. d4 {[%clk 00:15:03]} {[%emt 00:00:07]} Nf6 {[%clk 00:15:09]} {[%emt
00:00:01]} 2. c4 {[%clk 00:15:06]} {[%emt 00:00:03]} e6 {[%clk 00:15:12]}
{[%emt 00:00:01]} 3. Nc3 {[%clk 00:15:04]} {[%emt 00:00:07]} Bb4 {[%clk
00:15:15]} {[%emt 00:00:03]} 4. e3 {[%clk 00:15:07]} {[%emt 00:00:02]} O-O
{[%emt 00:00:13]} 5. Bd2 {[%clk 00:15:09]} {[%emt 00:00:01]} d5 {[%clk
00:15:01]} {[%emt 00:00:11]} 6. Nf3 {[%clk 00:15:13]} {[%emt 00:00:02]} b6
{[%clk 00:15:02]} {[%emt 00:00:05]} 7. cxd5 {[%clk 00:15:14]} {[%emt 00:00:04]}
exd5 {[%clk 00:15:04]} {[%emt 00:00:03]} 8. Rc1 {[%clk 00:15:17]} {[%emt
00:00:02]} Bb7 {[%clk 00:14:42]} {[%emt 00:00:27]} 9. Bd3 {[%clk 00:15:17]}
{[%emt 00:00:04]} Nbd7 {[%clk 00:14:38]} {[%emt 00:00:10]} 10. O-O {[%clk
00:15:01]} {[%emt 00:00:21]} Re8 {[%clk 00:14:35]} {[%emt 00:00:07]} 11. Nb5
{[%clk 00:14:45]} {[%emt 00:00:21]} Bxd2 {[%clk 00:14:08]} {[%emt 00:00:32]} 12.
Nxd2 {[%clk 00:13:08]} {[%emt 00:01:43]} Ba6 {[%clk 00:12:29]} {[%emt
00:01:43]} 13. Qa4 {[%clk 00:13:02]} {[%emt 00:00:11]} Bxb5 {[%clk 00:12:09]}
{[%emt 00:00:26]} 14. Bxb5 {[%clk 00:13:02]} {[%emt 00:00:05]} c5 {[%clk
00:11:07]} {[%emt 00:01:07]} 15. Rfd1 {[%clk 00:11:28]} {[%emt 00:01:39]} a6
{[%clk 00:08:53]} {[%emt 00:02:18]} 16. Bxd7 {[%clk 00:11:00]} {[%emt
00:00:33]} Nxd7 {[%clk 00:07:03]} {[%emt 00:01:56]} 17. dxc5 {[%clk 00:10:59]}
{[%emt 00:00:06]} Nxc5 {[%clk 00:06:51]} {[%emt 00:00:16]} 18. Qc2 {[%clk
00:10:09]} {[%emt 00:00:55]} Rc8 {[%clk 00:04:56]} {[%emt 00:02:01]} 19. Nf3
{[%clk 00:10:03]} {[%emt 00:00:11]} Ne4 {[%clk 00:03:37]} {[%emt 00:01:23]} 20.
Qd3 {[%clk 00:09:31]} {[%emt 00:00:36]} Rxc1 {[%clk 00:03:24]} {[%emt
00:00:19]} 21. Rxc1 {[%clk 00:09:36]} Qf6 {[%clk 00:03:18]} {[%emt 00:00:11]}
22. Rc2 {[%clk 00:09:29]} {[%emt 00:00:10]} Nc5 {[%clk 00:02:28]} {[%emt
00:00:56]} 23. Qd1 {[%clk 00:09:29]} {[%emt 00:00:06]} Rd8 {[%clk 00:01:54]}
{[%emt 00:00:38]} 24. h3 {[%clk 00:09:20]} {[%emt 00:00:14]} h6 {[%clk
00:01:58]} {[%emt 00:00:01]} 25. Rd2 {[%clk 00:09:19]} {[%emt 00:00:06]} Qc6
{[%clk 00:01:29]} {[%emt 00:00:34]} 26. Qc2 {[%clk 00:08:54]} {[%emt 00:00:30]}
Rc8 {[%clk 00:00:53]} {[%emt 00:00:41]} 27. Nd4 {[%clk 00:07:51]} {[%emt
00:01:09]} Qd7 {[%clk 00:00:38]} {[%emt 00:00:20]} 28. Qd1 {[%clk 00:07:11]}
{[%emt 00:00:44]} Ne4 {[%clk 00:00:41]} {[%emt 00:00:02]} 29. Rc2 {[%clk
00:06:08]} {[%emt 00:01:09]} Rc5 {[%clk 00:00:37]} {[%emt 00:00:08]} 30. Nb3
{[%clk 00:05:58]} {[%emt 00:00:16]} Rxc2 31. Qxc2 {[%clk 00:06:02]} Qf5 {[%clk
00:00:17]} {[%emt 00:00:11]} 32. Nd4 {[%clk 00:05:29]} {[%emt 00:00:38]} Qf6
{[%clk 00:00:17]} {[%emt 00:00:05]} 33. b3 {[%clk 00:03:26]} {[%emt 00:02:08]}
Nc5 {[%clk 00:00:16]} {[%emt 00:00:06]} 34. f3 {[%clk 00:02:42]} {[%emt
00:00:49]} Qg6 {[%clk 00:00:16]} {[%emt 00:00:05]} 35. Nf5 {[%clk 00:02:14]}
{[%emt 00:00:33]} Kf8 {[%clk 00:00:09]} {[%emt 00:00:12]} 36. b4 {[%clk
00:02:18]} Ne6 {[%clk 00:00:06]} {[%emt 00:00:08]} 37. Qc8+ {[%clk 00:02:20]}
{[%emt 00:00:03]} 1-0

[Event "Elite Hotels Open 2025"]
[Site "Elite Stadshotellet, Växjö, Sweden"]
[Date "2025.02.07"]
[Round "1.5"]
[White "Ozbek, Gorkem"]
[Black "Falkevall, Axel"]
[Result "0-1"]
[TimeControl "R1-4: 15 min + 5 sek, R5-8: 90 min + 30 sek"]
[BlackTitle "FM"]
[WhiteElo "1881"]
[BlackElo "2401"]

1. e4 {[%clk 00:15:06]} {[%emt 00:00:04]} e5 {[%clk 00:15:08]} {[%emt
00:00:02]} 2. Nf3 {[%clk 00:15:07]} {[%emt 00:00:04]} Nc6 {[%clk 00:15:11]}
{[%emt 00:00:02]} 3. Bb5 {[%clk 00:15:06]} {[%emt 00:00:07]} a6 {[%clk
00:15:13]} {[%emt 00:00:03]} 4. Ba4 {[%clk 00:15:10]} {[%emt 00:00:01]} Nf6
{[%clk 00:15:15]} {[%emt 00:00:03]} 5. O-O {[%clk 00:15:03]} {[%emt 00:00:12]}
d6 {[%clk 00:15:13]} {[%emt 00:00:07]} 6. Bxc6+ bxc6 {[%clk 00:15:16]} 7. d4
{[%clk 00:14:45]} {[%emt 00:00:01]} exd4 {[%clk 00:15:20]} {[%emt 00:00:02]} 8.
Nxd4 {[%clk 00:14:46]} {[%emt 00:00:04]} c5 {[%clk 00:15:24]} 9. Nc6 {[%clk
00:14:33]} {[%emt 00:00:18]} Qd7 {[%clk 00:15:27]} {[%emt 00:00:02]} 10. Na5
{[%clk 00:14:32]} {[%emt 00:00:06]} Qa4 {[%clk 00:15:31]} 11. Qe1 {[%clk
00:13:29]} {[%emt 00:01:07]} Be7 {[%clk 00:14:55]} {[%emt 00:00:40]} 12. e5
{[%clk 00:13:25]} {[%emt 00:00:11]} dxe5 {[%clk 00:14:25]} {[%emt 00:00:35]} 13.
Na3 {[%clk 00:11:34]} {[%emt 00:01:56]} Be6 {[%clk 00:13:47]} {[%emt 00:00:42]}
14. Bd2 {[%clk 00:11:10]} {[%emt 00:00:29]} Qe4 {[%clk 00:11:46]} {[%emt
00:02:06]} 15. Bc3 {[%clk 00:10:54]} {[%emt 00:00:21]} Bd6 {[%clk 00:11:23]}
{[%emt 00:00:29]} 16. f4 {[%clk 00:09:31]} {[%emt 00:01:27]} exf4 {[%clk
00:09:49]} {[%emt 00:01:40]} 17. Bxf6 {[%clk 00:05:58]} {[%emt 00:03:38]} Qxe1
{[%clk 00:09:51]} {[%emt 00:00:02]} 18. Raxe1 {[%clk 00:06:02]} {[%emt
00:00:02]} gxf6 {[%clk 00:09:54]} 19. N5c4 {[%clk 00:06:06]} {[%emt 00:00:02]}
Kd7 {[%clk 00:09:31]} {[%emt 00:00:27]} 20. Nxd6 {[%clk 00:05:58]} {[%emt
00:00:13]} cxd6 {[%clk 00:09:35]} 21. Rxf4 {[%clk 00:06:02]} {[%emt 00:00:02]}
Rab8 {[%clk 00:08:46]} {[%emt 00:00:53]} 22. b3 {[%clk 00:05:51]} {[%emt
00:00:16]} f5 {[%clk 00:08:06]} {[%emt 00:00:45]} 23. Ra4 {[%clk 00:05:31]}
{[%emt 00:00:25]} Rhg8 {[%clk 00:07:13]} {[%emt 00:00:58]} 24. Rd1 {[%clk
00:05:03]} {[%emt 00:00:34]} d5 {[%clk 00:07:08]} {[%emt 00:00:09]} 25. Nc4
{[%clk 00:04:51]} {[%emt 00:00:17]} Kc7 {[%clk 00:06:42]} {[%emt 00:00:32]} 26.
Ne5 {[%clk 00:04:29]} {[%emt 00:00:27]} Kb6 {[%clk 00:05:58]} {[%emt 00:00:49]}
27. Kf2 {[%clk 00:04:05]} {[%emt 00:00:29]} Rbe8 {[%clk 00:05:42]} {[%emt
00:00:20]} 28. Rh4 {[%clk 00:03:56]} {[%emt 00:00:15]} Rg7 {[%clk 00:05:32]}
{[%emt 00:00:15]} 29. Nd3 {[%clk 00:03:50]} {[%emt 00:00:11]} Kc6 {[%clk
00:05:00]} {[%emt 00:00:37]} 30. Nf4 {[%clk 00:03:54]} {[%emt 00:00:01]} Rg4
{[%clk 00:04:54]} {[%emt 00:00:11]} 31. Rxg4 {[%clk 00:03:00]} {[%emt
00:00:59]} fxg4 {[%clk 00:04:58]} {[%emt 00:00:01]} 32. Kg3 {[%clk 00:02:54]}
{[%emt 00:00:11]} Rg8 {[%clk 00:04:46]} {[%emt 00:00:17]} 33. Re1 {[%emt
00:00:16]} Kd6 {[%emt 00:00:02]} 34. c3 {[%emt 00:00:47]} Rg5 {[%emt 00:00:25]}
35. Nd3 {[%emt 00:00:19]} d4 {[%emt 00:01:12]} 36. cxd4 {[%clk 00:01:11]}
{[%emt 00:00:42]} cxd4 {[%clk 00:03:25]} 37. Kf4 {[%clk 00:00:38]} {[%emt
00:00:37]} Ra5 {[%clk 00:03:05]} {[%emt 00:00:26]} 38. Re2 {[%clk 00:00:32]}
{[%emt 00:00:11]} h5 {[%clk 00:02:58]} {[%emt 00:00:11]} 39. g3 {[%clk
00:00:36]} f6 {[%clk 00:02:29]} {[%emt 00:00:35]} 40. Ke4 {[%clk 00:00:11]}
{[%emt 00:00:30]} Bf5+ {[%clk 00:02:31]} {[%emt 00:00:03]} 41. Kxd4 {[%clk
00:00:14]} {[%emt 00:00:03]} Rd5+ {[%clk 00:02:35]} 42. Ke3 {[%clk 00:00:07]}
{[%emt 00:00:11]} Rxd3+ {[%emt 00:00:03]} 0-1

[Event "Elite Hotels Open 2025"]
[Site "Elite Stadshotellet, Växjö, Sweden"]
[Date "2025.02.07"]
[Round "1.6"]
[White "Arman, Deniz"]
[Black "Havner, Arvid"]
[Result "1-0"]
[TimeControl "R1-4: 15 min + 5 sek, R5-8: 90 min + 30 sek"]
[WhiteTitle "FM"]
[WhiteElo "2350"]
[BlackElo "1881"]

1. e4 {[%clk 00:15:06]} {[%emt 00:00:03]} e5 {[%clk 00:15:09]} {[%emt
00:00:02]} 2. Nf3 {[%clk 00:14:40]} {[%emt 00:00:32]} Nc6 {[%clk 00:15:12]}
{[%emt 00:00:02]} 3. d4 {[%clk 00:14:43]} {[%emt 00:00:02]} exd4 {[%clk
00:15:15]} {[%emt 00:00:02]} 4. Nxd4 {[%clk 00:14:47]} Nf6 {[%clk 00:15:17]}
{[%emt 00:00:02]} 5. Nxc6 {[%clk 00:14:50]} {[%emt 00:00:02]} bxc6 {[%clk
00:15:21]} {[%emt 00:00:01]} 6. e5 {[%clk 00:14:55]} {[%emt 00:00:01]} Qe7
{[%clk 00:15:25]} 7. Qe2 {[%clk 00:14:59]} {[%emt 00:00:02]} Nd5 {[%clk
00:15:29]} 8. h4 {[%clk 00:15:03]} g6 {[%clk 00:13:48]} {[%emt 00:01:45]} 9. h5
{[%clk 00:15:03]} {[%emt 00:00:05]} Bg7 {[%clk 00:13:40]} {[%emt 00:00:13]} 10.
f4 {[%clk 00:14:43]} {[%emt 00:00:26]} h6 {[%clk 00:12:20]} {[%emt 00:01:25]}
11. c4 {[%clk 00:13:37]} {[%emt 00:01:10]} Nb6 {[%clk 00:10:21]} {[%emt
00:02:05]} 12. hxg6 {[%clk 00:13:21]} {[%emt 00:00:20]} fxg6 {[%clk 00:10:14]}
{[%emt 00:00:12]} 13. Qe4 {[%clk 00:12:10]} {[%emt 00:01:16]} g5 {[%clk
00:08:02]} {[%emt 00:02:18]} 14. Be2 {[%clk 00:11:06]} {[%emt 00:01:09]} d6
{[%clk 00:04:17]} {[%emt 00:03:50]} 15. Bh5+ {[%clk 00:09:48]} {[%emt
00:01:23]} Kd8 {[%clk 00:04:14]} {[%emt 00:00:05]} 16. Nc3 {[%clk 00:09:49]}
{[%emt 00:00:06]} dxe5 {[%clk 00:03:14]} {[%emt 00:01:05]} 17. fxg5 {[%clk
00:09:51]} {[%emt 00:00:03]} hxg5 {[%clk 00:02:51]} {[%emt 00:00:29]} 18. Be3
{[%clk 00:09:54]} {[%emt 00:00:02]} Bd7 {[%clk 00:02:24]} {[%emt 00:00:32]} 19.
O-O-O {[%clk 00:09:57]} {[%emt 00:00:02]} Kc8 {[%clk 00:02:19]} {[%emt
00:00:10]} 20. c5 {[%clk 00:06:22]} {[%emt 00:03:40]} Nd5 {[%clk 00:02:13]}
{[%emt 00:00:11]} 21. Rxd5 {[%clk 00:06:24]} {[%emt 00:00:02]} cxd5 {[%clk
00:01:39]} {[%emt 00:00:39]} 22. Nxd5 {[%clk 00:06:28]} {[%emt 00:00:02]} Qe6
{[%clk 00:01:08]} {[%emt 00:00:36]} 23. Nb6+ {[%clk 00:06:31]} {[%emt
00:00:02]} cxb6 {[%clk 00:01:03]} {[%emt 00:00:10]} 24. Qxa8+ {[%clk 00:06:35]}
{[%emt 00:00:01]} Kc7 {[%clk 00:01:07]} 25. Qxa7+ {[%clk 00:06:24]} {[%emt
00:00:17]} Kd8 {[%clk 00:00:29]} {[%emt 00:00:42]} 26. Qb8+ {[%clk 00:03:18]}
{[%emt 00:03:10]} Ke7 {[%clk 00:00:22]} {[%emt 00:00:12]} 27. Bxg5+ {[%clk
00:03:07]} {[%emt 00:00:17]} Bf6 {[%clk 00:00:20]} {[%emt 00:00:06]} 28. Qxh8
{[%clk 00:01:33]} {[%emt 00:01:39]} Bxg5+ {[%clk 00:00:24]} {[%emt 00:00:02]}
29. Kb1 {[%clk 00:01:32]} {[%emt 00:00:04]} Qf5+ {[%clk 00:00:11]} {[%emt
00:00:20]} 30. Ka1 {[%clk 00:01:35]} {[%emt 00:00:02]} bxc5 {[%clk 00:00:15]}
31. Qg7+ {[%clk 00:01:28]} {[%emt 00:00:12]} Ke6 {[%clk 00:00:18]} {[%emt
00:00:02]} 32. Rd1 {[%clk 00:00:52]} {[%emt 00:00:40]} Bc6 {[%clk 00:00:15]}
{[%emt 00:00:08]} 33. Qg8+ {[%clk 00:00:54]} {[%emt 00:00:03]} Ke7 {[%clk
00:00:08]} {[%emt 00:00:12]} 34. Qd8+ {[%clk 00:00:55]} {[%emt 00:00:03]} Ke6
{[%emt 00:00:10]} 35. Rd6# {[%emt 00:00:07]} 1-0

[Event "Elite Hotels Open 2025"]
[Site "Elite Stadshotellet, Växjö, Sweden"]
[Date "2025.02.07"]
[Round "1.7"]
[White "Thomasson, Staffan"]
[Black "Hald Falkesgaard, Jeppe"]
[Result "0-1"]
[TimeControl "R1-4: 15 min + 5 sek, R5-8: 90 min + 30 sek"]
[BlackTitle "FM"]
[WhiteElo "1878"]
[BlackElo "2347"]

1. c4 {[%clk 00:15:09]} Nf6 {[%clk 00:15:03]} {[%emt 00:00:07]} 2. g3 {[%clk
00:15:13]} {[%emt 00:00:01]} c6 {[%clk 00:15:04]} {[%emt 00:00:04]} 3. Bg2
{[%clk 00:15:10]} {[%emt 00:00:08]} d5 {[%clk 00:15:08]} {[%emt 00:00:01]} 4.
cxd5 {[%clk 00:14:39]} {[%emt 00:00:37]} cxd5 {[%clk 00:15:08]} {[%emt
00:00:05]} 5. Nf3 {[%clk 00:14:33]} {[%emt 00:00:10]} Nc6 {[%clk 00:15:11]}
{[%emt 00:00:02]} 6. O-O {[%clk 00:14:34]} {[%emt 00:00:04]} e5 {[%clk
00:14:11]} {[%emt 00:01:05]} 7. d4 {[%clk 00:13:31]} {[%emt 00:01:08]} e4
{[%clk 00:14:14]} {[%emt 00:00:02]} 8. Ng5 {[%clk 00:13:01]} {[%emt 00:00:35]}
Be7 {[%clk 00:13:46]} {[%emt 00:00:32]} 9. Nc3 {[%clk 00:13:03]} {[%emt
00:00:04]} O-O {[%clk 00:13:47]} {[%emt 00:00:04]} 10. f3 {[%clk 00:12:29]}
{[%emt 00:00:39]} h6 {[%clk 00:13:11]} {[%emt 00:00:41]} 11. Nh3 {[%clk
00:12:31]} {[%emt 00:00:03]} exf3 {[%clk 00:13:12]} {[%emt 00:00:04]} 12. exf3
{[%clk 00:12:30]} {[%emt 00:00:06]} Bf5 {[%clk 00:12:56]} {[%emt 00:00:22]} 13.
g4 {[%clk 00:11:01]} {[%emt 00:01:33]} Bg6 {[%clk 00:12:48]} {[%emt 00:00:12]}
14. Nf4 {[%clk 00:10:58]} {[%emt 00:00:08]} Bh7 {[%clk 00:12:15]} {[%emt
00:00:39]} 15. Re1 {[%clk 00:10:37]} {[%emt 00:00:26]} Rc8 {[%clk 00:11:45]}
{[%emt 00:00:35]} 16. Be3 {[%clk 00:10:26]} {[%emt 00:00:16]} Na5 {[%clk
00:11:03]} {[%emt 00:00:47]} 17. Bf2 {[%clk 00:09:34]} {[%emt 00:00:57]} Bb4
{[%clk 00:10:13]} {[%emt 00:00:55]} 18. Rc1 {[%clk 00:09:18]} {[%emt 00:00:21]}
Nc4 {[%clk 00:10:06]} {[%emt 00:00:13]} 19. b3 {[%clk 00:07:16]} {[%emt
00:02:07]} Na3 {[%clk 00:09:30]} {[%emt 00:00:41]} 20. Re3 {[%clk 00:07:06]}
{[%emt 00:00:15]} Qa5 {[%clk 00:08:44]} {[%emt 00:00:50]} 21. Be1 {[%clk
00:06:35]} {[%emt 00:00:36]} Rc6 {[%clk 00:07:25]} {[%emt 00:01:24]} 22. Ncxd5
{[%clk 00:05:51]} {[%emt 00:00:49]} Nxd5 {[%clk 00:07:28]} {[%emt 00:00:02]} 23.
Nxd5 {[%clk 00:05:52]} {[%emt 00:00:04]} Rxc1 {[%clk 00:07:00]} {[%emt
00:00:33]} 24. Ne7+ {[%clk 00:05:25]} {[%emt 00:00:32]} Bxe7 {[%clk 00:06:26]}
{[%emt 00:00:39]} 25. Qxc1 {[%clk 00:05:23]} {[%emt 00:00:07]} Qg5 {[%clk
00:06:07]} {[%emt 00:00:24]} 26. Bd2 {[%clk 00:04:36]} {[%emt 00:00:52]} Qf6
{[%clk 00:04:25]} {[%emt 00:01:47]} 27. Qc7 {[%clk 00:03:56]} {[%emt 00:00:45]}
Bd6 {[%clk 00:04:08]} {[%emt 00:00:22]} 28. Qxb7 {[%clk 00:02:47]} {[%emt
00:01:14]} Qxd4 {[%clk 00:04:04]} {[%emt 00:00:09]} 0-1